Verdad y método (Record no. 66140)

MARC details
000 -LEADER
campo de control de longitud fija 00833nam a2200265 i 4500
001 - NÚMERO DE CONTROL
campo de control 66140
003 - IDENTIFICADOR DE NÚMERO DE CONTROL
campo de control ES-MaACL
005 - FECHA Y HORA DE LA ÚLTIMA TRANSACCIÓN
campo de control 20250828000014.0
007 - CAMPO FIJO DE DESCRIPCIÓN FÍSICA--INFORMACIÓN GENERAL
campo de control de longitud fija t|
008 - DATOS DE LONGITUD FIJA--INFORMACIÓN GENERAL
campo de control de longitud fija 040128s1984 sp |||| | spa d
020 ## - NÚMERO INTERNACIONAL ESTÁNDAR DEL LIBRO
Número Internacional Estándar del Libro 84-301-0463-1
100 1# - ENTRADA PRINCIPAL--NOMBRE DE PERSONA
Nombre de persona Gadamer, Hans Georg.
9 (RLIN) 53182
245 10 - MENCIÓN DEL TÍTULO
Título Verdad y método
Resto del título : fundamentos de una hermenéutica filosófica /
Mención de responsabilidad, etc. Hans-Georg Gadamer ; [tradujeron, Ana Agud Aparicio y Rafael de Agapito].
260 ## - PUBLICACIÓN, DISTRIBUCIÓN, ETC.
Lugar de publicación, distribución, etc. Salamanca :
Nombre del editor, distribuidor, etc. Sígueme,
Fecha de publicación, distribución, etc. 1984.
300 ## - DESCRIPCIÓN FÍSICA
Extensión 687 p. ;
Dimensiones 22 cm.
490 1# - MENCIÓN DE SERIE
Mención de serie Hermeneia ;
Designación de volumen o secuencia 7
500 ## - NOTA GENERAL
Nota general Índice.
650 #4 - PUNTO DE ACCESO ADICIONAL DE MATERIA--TÉRMINO DE MATERIA
Término de materia o nombre geográfico como elemento de entrada Hermenéutica.
9 (RLIN) 13329
650 04 - PUNTO DE ACCESO ADICIONAL DE MATERIA--TÉRMINO DE MATERIA
Término de materia o nombre geográfico como elemento de entrada Humanidades-
Subdivisión general Metodología
9 (RLIN) 13499
700 1# - ENTRADA AGREGADA--NOMBRE PERSONAL
Nombre de persona Agud, Ana.
9 (RLIN) 18643
700 1# - ENTRADA AGREGADA--NOMBRE PERSONAL
Nombre de persona Agapito, Rafael de.
9 (RLIN) 18532
830 0# - PUNTO DE ACCESO ADICIONAL DE SERIE-TÍTULO UNIFORME
Título uniforme Hermeneia ;
Designación de volumen o secuencia 7
9 (RLIN) 180905
852 ## - LOCALIZACIÓN
Ubicación ES-MaACL
Número de control de estantería L-11437
Holdings
Estatus retirado Estado de pérdida Estado de daño No para préstamo Biblioteca de origen Biblioteca actual Ubicación en estantería Fecha de adquisición Fuente de adquisición Total de préstamos Signatura topográfica completa Código de barras Visto por última vez Precio de reemplazo Tipo de ítem Koha
        Biblioteca del Ateneo de Madrid Biblioteca del Ateneo de Madrid Depósito 2 17/01/2008     L-11437 1069298 23/02/2023 23/02/2023 Libro impreso